El derecho de ser hombre / (Record no. 132801)
[ view plain ]
| 000 -CABECERA | |
|---|---|
| campo de control de longitud fija | 00660nam a2200217 a 4500 |
| 005 - FECHA Y HORA DE LA ÚLTIMA TRANSACCIÓN | |
| campo de control | 20210219160209.0 |
| 008 - ELEMENTOS DE LONGITUD FIJA--INFORMACIÓN GENERAL | |
| campo de control de longitud fija | 080924s1973 mx r 000 0 spa d |
| 020 ## - NÚMERO INTERNACIONAL NORMALIZADO PARA LIBROS | |
| Número Internacional Estándar del Libro | 8430910506 |
| 020 ## - NÚMERO INTERNACIONAL NORMALIZADO PARA LIBROS | |
| Número Internacional Estándar del Libro | 9233021939 (UNESCO) |
| 035 ## - NÚMERO DE CONTROL DEL SISTEMA | |
| Número de control de sistema | UPN01000160688 |
| 049 ## - COLECCIÓN | |
| Colección | UNE |
| 080 ## - NÚMERO DE CLASIFICACIÓN DECIMAL UNIVERSAL | |
| Número de la Clasificación Decimal Universal | 342.7 (100) DER. |
| 245 03 - MENCIÓN DE TÍTULO | |
| Título | El derecho de ser hombre / |
| Mención de responsabilidad, etc. | antología preparada bajo la dirección de Jeanne Hersch ;tr. Gonzalo Arias. |
| 260 ## - PUBLICACIÓN, DISTRIBUCIÓN, ETC. | |
| Lugar de publicación, distribución, etc. | Madrid : |
| Nombre del editor, distribuidor, etc. | Tecnos ; |
| Lugar de publicación, distribución, etc. | París : |
| Nombre del editor, distribuidor, etc. | UNESCO, |
| Fecha de publicación, distribución, etc. | 1973. |
| 300 ## - DESCRIPCIÓN FÍSICA | |
| Extensión | 600 p. |
| 500 ## - NOTA GENERAL | |
| Nota general | Incluye bibliografía |
| 690 ## - PUNTO DE ACCESO ADICIONAL DE MATERIA LOCAL--TÉRMINO DE MATERIA (OCLC, RLIN) | |
| Término de materia o nombre geográfico como elemento inicial | Derechos humanos - Antologías |
| 700 1# - ASIENTO SECUNDARIO--NOMBRE DE PERSONAL | |
| Nombre de persona | Arias, Gonzalo, |
| Término indicativo de función/relación | dir. |
| 710 2# - ASIENTO SECUNDARIO - NOMBRE CORPORATIVO | |
| Nombre de entidad corporativa o nombre de jurisdicción como elemento de entrada | UNESCO |
| 905 ## - TIPO DE MATERIAL | |
| Tipo de material | UNESCO |
No items available.
